| 000 | 00870nam a22002177a 4500 | ||
|---|---|---|---|
| 005 | 20110902145510.0 | ||
| 010 | _a G-001334 | ||
| 020 |
_a9788190720519 _c1300.00 |
||
| 035 | _a G-001334 | ||
| 037 | _bGift | ||
| 082 | _a700.95451 | ||
| 100 |
_aNeog, Maheswar _934193 |
||
| 245 |
_aAesthetic continuum: _cby Maheswar Neog; compiled by Pranavsvarup Neog _bessays on assamese music, drama, dance and paintings / |
||
| 260 |
_aNew Delhi _bOmsons Publications _c2008 |
||
| 270 |
_a4379/4B, Ansari Road, Daryaganj _bNew Delhi _e110002 |
||
| 300 |
_axiv, 512p. _c22cm (Hb) |
||
| 700 |
_aNeog, Pranavsvarup _934194 |
||
| 942 |
_2ddc _cEN _h700.95451 _mNEO |
||
| 999 |
_c56224 _d56224 |
||